Normal view MARC view
  • Ramírez Orozco, Luis Daniel

Entry Nombre Personal

Number of records used in: 1

001 - NUMERO DE CONTROL

  • campo de control: 59249

003 - IDENTIFICADOR DE NUMERO DE CONTROL

  • campo de control: MX-MxUPN

005 - FECHA Y HORA DE LA ÜLTIMA TRANSACCIÓN

  • campo de control: 20260413122612.0

008 - DATOS DE LONGITUD FIJA

  • campo de control de longitud fija: 260413|n ac|nnaabn | aaa d

040 ## - FUENTE DE CATALOGACIÓN

  • Agencia original de catalogación: MX-MxUPN
  • Lenguaje de catalogación: spa

100 1# - ENCABEZAMIENTO - NOMBRE PERSONAL

  • Nombre personal: Ramírez Orozco, Luis Daniel

670 ## - FUENTE EN LA QUE SE LOCALIZARON DATOS

  • Cita de la fuente: Ficción y conocimiento: análisis de series de televisión, 2023 :
  • Información localizada: portada (Luis Daniel Ramírez Orozco)
  • Uniform Resource Identifier: http://hdl.handle.net/20.500.12209/19001

902 ## - CATALOGADOR

  • Catalogador: JohanaAllegre/130426